000 00564cam a2200193 4500
001 ABS63615
008 000000n2001 000 0 eng u
035 _a(Sirsi) u111845
110 _aBrown
_hM.
245 _aWeb of deceipt
260 _c2001
490 _aChartered Secretary
_vJanuary 2001, 16-17(2)
520 _aHighlights the problems of internet fraud for auctioneers and fine art dealers. Cited in Art Surveyor April 2001
650 _aE-COMMERCE
650 _aFRAUD
650 _aWORKS OF ART
690 _aArts and antiques
_96217
942 _n0
999 _c66652
_d66652